Tekutý život
Gespeichert in:
| 1. Verfasser: | |
|---|---|
| Format: | Buch |
| Sprache: | Tschechisch |
| Veröffentlicht: |
Praha
Pulchra
2021
|
| Ausgabe: | 1. vydání |
| Schlagworte: | |
| Tags: |
Keine Tags, Fügen Sie das erste Tag hinzu!
|
MARC
| LEADER | 00000nam a2200000 4500 | ||
|---|---|---|---|
| 001 | 0291902 | ||
| 005 | 20240416114206.0 | ||
| 020 | |a 978-80-7564-067-3 | ||
| 041 | 0 | |a cze | |
| 044 | |a CZ | ||
| 245 | 1 | 0 | |a Tekutý život |c Zygmunt Bauman |
| 250 | |a 1. vydání | ||
| 264 | 1 | |a Praha |b Pulchra |c 2021 | |
| 300 | |a 235 s. | ||
| 610 | 2 | 0 | |a spoločnosť |
| 610 | 2 | 0 | |a spoločnosť konzumná |
| 610 | 2 | 0 | |a sociológia |
| 610 | 2 | 0 | |a nerovnosť |
| 610 | 2 | 0 | |a úroveň životná |
| 610 | 2 | 0 | |a blahobyt |
| 610 | 2 | 0 | |a kultúra |
| 610 | 2 | 0 | |a myslenie kritické |
| 610 | 2 | 0 | |a spotrebitelia |
| 610 | 2 | 0 | |a správanie sociálne |
| 100 | 1 | |a Bauman, Zygmunt | |